Thiết kế bài giảng lịch sử 7

Đã lưu trong:
书目详细资料
主要作者: Nguyễn, Thị Phượng
其他作者: Nguyễn, Thị Thạch
格式: 图书
语言:Undetermined
出版: H. Giáo dục 2003
主题:
在线阅读:http://lrc.tdmu.edu.vn/opac/search/detail.asp?aID=2&ID=4876
标签: 添加标签
没有标签, 成为第一个标记此记录!
Thư viện lưu trữ: Trung tâm Học liệu Trường Đại học Thủ Dầu Một
LEADER 00700nam a2200205Ia 4500
001 TDMU_4876
008 210410s9999 xx 000 0 und d
082 |a 900.72 
090 |b NG527 
100 |a Nguyễn, Thị Phượng 
245 0 |a Thiết kế bài giảng lịch sử 7 
245 0 |c Nguyễn Thị Phượng 
260 |a H. 
260 |b Giáo dục 
260 |c 2003 
300 |a 276tr 
650 |a Sách lớp 7  |v Thiết kế bài giảng; Lịch sử  |x Dạy và học 
700 |a Nguyễn, Thị Thạch 
856 |u http://lrc.tdmu.edu.vn/opac/search/detail.asp?aID=2&ID=4876 
980 |a Trung tâm Học liệu Trường Đại học Thủ Dầu Một